000
00199 a2200097 4500
001
3504
100
_a
Rorty, J
245
_a
Mccarthy & the communists
260
_a
_b
Beacon
_c
090
_c
2770
_d
2770
942
_a
NUST-CAE
_c
M
_c
19669
999
_c
238577
_d
238577